Normal view
MARC view
- Bedford Anthony
Entry Personal Name
001 - CONTROL NUMBER
- control field: 9026
003 - CONTROL NUMBER IDENTIFIER
- control field: NUST
005 - DATE AND TIME OF LATEST TRANSACTION
- control field: 20180119090503.0
008 - FIXED-LENGTH DATA ELEMENTS
- fixed length control field: 180119|| aca||aabn | a|a d
040 ## - CATALOGING SOURCE
- Original cataloging agency: NUST
- Transcribing agency: NUST
100 ## - HEADING--PERSONAL NAME
- Personal name: Bedford Anthony
670 ## - SOURCE DATA FOUND
- Source citation: Work cat.: (NUST)299079: Bedford Anthony, Statics, 1995
